Роботы и робототехнические системы: сборник научных трудов

Dades bibliogràfiques
Autor corporatiu: Иркутский политехнический институт (ИрПИ)
Altres autors: Елисеев С. В. Сергей Викторович (редактор)
Idioma:rus
Publicat: Иркутск, ИПИ, 1985
Matèries:
Format: MixedMaterials Llibre
KOHA link:https://koha.lib.tpu.ru/cgi-bin/koha/opac-detail.pl?biblionumber=119109

MARC

LEADER 00000nam0a2200000 4500
001 119109
005 20231031124424.0
020 |a RU  |b 87-18178 
035 |a (RuTPU)RU\TPU\book\128886 
090 |a 119109 
100 |a 20070622d1985 m a0rusy5003 ca 
101 0 |a rus 
102 |a RU 
105 |a a z 001zy 
200 1 |a Роботы и робототехнические системы  |e сборник научных трудов  |f Иркутский политехнический институт (ИрПИ) ; под ред. С. В. Елисеева 
210 |a Иркутск  |c ИПИ  |d 1985 
215 |a 159 с.  |c ил. 
320 |a Библиография в конце статей 
610 1 |a роботы 
610 1 |a робототехнические системы 
610 1 |a сборники 
675 |a 621.865.8  |v 3 
702 1 |a Елисеев  |b С. В.  |g Сергей Викторович  |4 340 
712 0 2 |a Иркутский политехнический институт (ИрПИ)  |c (1960-1993)  |2 stltpush  |3 (RuTPU)RU\TPU\col\233 
801 0 |a RU  |b RuMRKP  |c 19950417  |g psbo 
801 1 |a RU  |b 63413507  |c 20070622  |g PSBO 
801 2 |a RU  |b 63413507  |c 20161101  |g PSBO 
942 |c BK